Education at a Glance 2019 OECD Indicators

Enregistré dans:
Détails bibliographiques
Format: Livre
Langue:anglais
Publié: Paris OECD 2019
Sujets:
Tags: Ajouter un tag
Pas de tags, Soyez le premier à ajouter un tag!

MARC

LEADER 00000nam a2200000 4500
001 0276502
005 20251201101245.6
020 |a 978-92-64-80398-5 
022 |a 1563-051X 
041 0 |a eng 
044 |a FR 
245 1 0 |a Education at a Glance 2019  |b OECD Indicators 
264 1 |a Paris  |b OECD  |c 2019 
300 |a 493 s. 
610 2 0 |a vzdelávanie 
610 2 0 |a výchova 
610 2 0 |a vzdelávanie terciárne 
610 2 0 |a školy 
610 2 0 |a inštitúcie vzdelávacie 
610 2 0 |a učitelia 
610 2 0 |a zdroje finančné 
610 2 0 |a školy